Countries Most Similar To Bahamas - Statistics

General Stats
  • This quiz has been taken 44 times
  • The average score is 12 of 20
Answer Stats
Rank Country Score % Correct
1 Jamaica 79.8
93%
8 Dominican Republic 62.3
89%
2 Trinidad and Tobago 76.6
89%
18 Haiti 58.5
85%
19 Cuba 58.1
81%
5 USA 63.5
74%
3 Belize 72.8
70%
9 Canada 61.1
70%
10 UK 60.5
70%
4 Guyana 68.2
63%
11 Ireland 60.3
63%
16 Australia 59.6
56%
13 New Zealand 60.2
56%
6 Panama 63.4
48%
12 Costa Rica 60.3
44%
7 Suriname 63.1
44%
17 Fiji 59.4
37%
14 El Salvador 59.8
33%
15 Mauritius 59.8
22%
20 South Africa 57.9
7%
No matching quizzes found
Score Distribution
Percent of People with Each Score
Percentile by Number Answered
Your Score History
You have not taken this quiz